APEC Schools

Speak up and get along! : learn the mighty might, thought chop, and more tools to make friends, stop teasing and feel good about yourself / (Record no. 8177)

000 -LEADER
fixed length control field nam a22 7a 4500
005 - DATE AND TIME OF LATEST TRANSACTION
control field 20191001024840.0
008 - FIXED-LENGTH DATA ELEMENTS--GENERAL INFORMATION
fixed length control field 191001b xxu||||| |||| 00| 0 eng d
020 ## - IDENTIFIER FOR THE MANIFESTATION
Identifier for the Manifestation 9781631983856
Binding paperback
040 ## - CATALOGING SOURCE
Language of Cataloging eng
Transcribing Agency APEC Schools Library
Description Conventions rda
082 ## - DEWEY DECIMAL CLASSIFICATION NUMBER
Classification number C 158.20834
Author's Number C776s 2019
100 ## - CREATOR
Preferred Name of the Person Cooper, Scott
245 ## - TITLE AND STATEMENT OF RESPONSIBILITY
Preferred Title Proper Speak up and get along! : learn the mighty might, thought chop, and more tools to make friends, stop teasing and feel good about yourself /
Statement of Responsibility/Parallel Statement of Responsibility Scott Cooper
264 ## - PUBLICATION STATEMENT
Place of publication, distribution, etc Minneapolis, MN :
Publisher's Name/Parallel Publisher's Name Free Spirit Publishing, Inc.,
Copyright ©2019.
300 ## - PHYSICAL DESCRIPTION
Extent 129 pages :
Illustrative Content illustrations ;
336 ## - RDA CONTENT
Source rdacontent
Content Type text
337 ## - RDA MEDIA
Source rdamedia
Media Type unmediated
338 ## - RDA CARRIER
Source rdacarrier
Carrier Type volume
504 ## - BIBLIOGRAPHY, ETC. NOTE
Bibliography, etc Includes index.
650 ## - ADDED SUBJECT ACCESS POINT - TOPICAL TERM
Topical Term Interpersonal communication.
650 ## - ADDED SUBJECT ACCESS POINT - TOPICAL TERM
Topical Term Children
Form Subdivision Conduct of life/
942 ## - ADDED ENTRY ELEMENTS (KOHA)
Source of Classification
Koha Item Type Non Fiction
Holdings
Library Site Location Shelving Location Source of Acquisition Full Classification Number Accession Number Koha Item Type
APEC Bacoor Library APEC Bacoor Library Circulation Institutional Fund C 158.20834 C776s 2019 B04-0000673 Non Fiction
APEC C. Raymundo Library APEC C. Raymundo Library Circulation Institutional Fund C 158.20834 C776s 2019 A07-0000596 Non Fiction
APEC Calumpang Library APEC Calumpang Library Circulation Institutional Fund C 158.20834 C776s 2019 B10-0000601 Non Fiction
APEC Dasmarinas Library APEC Dasmarinas Library Circulation Institutional Fund C 158.20834 C776s 2019 B03-0000636 Non Fiction
APEC Grace Park West Library APEC Grace Park West Library Circulation Institutional Fund C 158.20834 C776s 2019 A09-0000480 Non Fiction
APEC JRU Lipa Library APEC JRU Lipa Library Circulation Institutional Fund C 158.20834 C776s 2019 B12-0000656 Non Fiction
APEC Las Piñas Library APEC Las Piñas Library Circulation Institutional Fund C 158.20834 C776s 2019 C01-0000493 Non Fiction
Chain Library Chain Library Circulation Institutional Fund C 158.20834 C776s 2019 AC-0000067 Non Fiction

Powered by Koha